|
|
|
|
| LEADER |
00000cam a2200000 a 4500 |
| 001 |
71928 |
| 003 |
Ucuenca |
| 005 |
20230308162934.0 |
| 008 |
000000|1922 sp |||||r|||||||||||spa|| |
| 040 |
|
|
|b spa
|
| 041 |
0 |
|
|a spa
|
| 082 |
0 |
|
|a 671.3
|
| 100 |
1 |
|
|a Giordano, C.
|9 37706
|
| 245 |
|
|
|a Técnica del taller mecánico
|c C. Giordano
|h imp
|
| 250 |
|
|
|a 5a ed
|
| 264 |
|
|
|a Barcelona
|b Gustavo Gili
|c 1922
|
| 300 |
|
|
|a 282 p
|c 19 cm
|
| 650 |
1 |
0 |
|a Mecánica
|9 12473
|
| 650 |
1 |
|
|a Taller mecanico
|9 37707
|
| 852 |
|
|
|a UC-CDJBV
|f Compra
|l 1
|m General
|p 00000000
|q 12,00
|r 2
|t 71928
|b 0
|d CDRC
|e CDRC
|g 671.3
|z 0000-00-00
|
| 942 |
|
|
|c BK
|
| 999 |
|
|
|c 19896
|d 19896
|